000 00757nam a2200229 a 4500
003 BD-DhJNU
005 20250630045910.0
008 801001s1980 caua b 001 0 eng
010 _a78066177
020 _a0804709912
040 _aBD-DhJNU
_bENG
_cBD-DhJNU
_dBD-DhJNU
082 0 0 _a981.6105 LOS
_223
100 1 _aLove, Joseph LeRoy.
245 1 0 _aSao Paulo in the Brazilian Federation, 1889-1937 /
_cJoseph L. Love.
260 _aStanford, Calif. :
_bStanford University Press,
_c1980.
300 _axx, 398 p. :
_bill. ;
_c24 cm.
504 _aBibliography: p. [355]-377.
500 _aIncludes index.
651 0 _aS ao Paulo (Brazil : State)
_xEconomic conditions.
651 0 _aS ao Paulo (Brazil : State)
_xPolitics and government.
942 _cBK
999 _c1847
_d1847